Oeuvres de Descartes. (Record no. 169871)

MARC details
000 -LEADER
campo de control de longitud fija 01061nam a2200265 i 4500
001 - NÚMERO DE CONTROL
campo de control 169871
003 - IDENTIFICADOR DE NÚMERO DE CONTROL
campo de control ES-MaACL
005 - FECHA Y HORA DE LA ÚLTIMA TRANSACCIÓN
campo de control 20250703063130.0
008 - DATOS DE LONGITUD FIJA--INFORMACIÓN GENERAL
campo de control de longitud fija 081210s1950 fr |||| | fre d
017 ## - NÚMERO DE COPYRIGHT O DE DEPÓSITO LEGAL
Número de copyright o de depósito legal Nº111, 1e trim.1950
080 ## - NÚMERO DE LA CLASIFICACIÓN DECIMAL UNIVERSAL
Número de la Clasificación Decimal Universal 1 Descartes, René
100 1# - ENTRADA PRINCIPAL--NOMBRE DE PERSONA
Nombre de persona Descartes, René,
Fechas asociadas al nombre 1596-1650
9 (RLIN) 43838
245 10 - MENCIÓN DEL TÍTULO
Título Oeuvres de Descartes.
260 ## - PUBLICACIÓN, DISTRIBUCIÓN, ETC.
Lugar de publicación, distribución, etc. Paris :
Nombre del editor, distribuidor, etc. Joseph Gibert,
Fecha de publicación, distribución, etc. 1950.
300 ## - DESCRIPCIÓN FÍSICA
Extensión 512, 580 p. :
Otras características físicas il. ;
Dimensiones 19 cm.
490 1# - MENCIÓN DE SERIE
Mención de serie Descartes ;
Designación de volumen o secuencia I, II
490 1# - MENCIÓN DE SERIE
Mención de serie Chefs-d'oeuvre philosophiques ;
Designación de volumen o secuencia 301-302
505 8# - NOTA DE CONTENIDO CON FORMATO
Nota de contenido con formato Contiene: T.I. Discours de la méthode ; Les principes de la philosophie ; Les passions de l'âme. - T.II. Règles pour la direction de l'esprit ; Méditations ; Objections et réponses.
594 ## - Nota al título y mención de responsabilidad
Nota al título y mención de responsabilidad Tít. de la cub.: Oeuvres complètes.
597 ## - NOTA DE DESCRIPCIÓN FÍSICA
NOTA DE DESCRIPCIÓN FÍSICA 2 tomos en 1 v.
830 0# - PUNTO DE ACCESO ADICIONAL DE SERIE-TÍTULO UNIFORME
Título uniforme Descartes ;
Designación de volumen o secuencia I, II
9 (RLIN) 222920
830 0# - PUNTO DE ACCESO ADICIONAL DE SERIE-TÍTULO UNIFORME
Título uniforme Chefs-d'oeuvre philosophiques ;
Designación de volumen o secuencia 301-302
9 (RLIN) 222922
852 ## - LOCALIZACIÓN
Ubicación ES-MaACL
Número de control de estantería E-12354
itemnumber R.140514
Nota libre - Biblioteca Jacinto Martínez Lacalle
Holdings
Estatus retirado Estado de pérdida Estado de daño No para préstamo Biblioteca de origen Biblioteca actual Ubicación en estantería Fecha de adquisición Fuente de adquisición Total de préstamos Signatura topográfica completa Código de barras Visto por última vez Precio de reemplazo Tipo de ítem Koha
        Biblioteca del Ateneo de Madrid Biblioteca del Ateneo de Madrid Depósito 2 10/12/2008     E-12354 1178346 23/02/2023 23/02/2023 Libro impreso